00393nam a2200133 a 450000100100000000500170001000800410002704000250006808200140009324500640010725000120017126000530018330000230023600004919320201002061726.0190726s1997 dr 000 spa d aDO-SdBNPbspacBNPHU axxxbC669 0aCódigo civil y compendio de legislación complementaria. a9a. ed. aSanto Domingo :bImpresora Soto Castillo,c1997. a645 p. ;c21.5 cm.